Нейросетевой наблюдатель скорости ДПТ НВ; Энергосбережение и инновационные технологии в топливно-энергетическом комплексе; Т. 2

Podrobná bibliografie
Parent link:Энергосбережение и инновационные технологии в топливно-энергетическом комплексе: материалы Национальной c международным участием научно-практической конференции студентов, аспирантов, ученых и специалистов, посвященной 20-летию создания кафедры электроэнергетики, 18-20 Декабря 2019, Тюмень/ Тюменский индустриальный университет.— , 2019
Т. 2.— 2019.— [С. 273-275]
Hlavní autor: Козлова Л. Е. Людмила Евгеньевна
Další autoři: Раков И. В. Иван Витальевич, Буньков Д. С. Дмитрий Сергеевич
Shrnutí:Заглавие с экрана
В связи с необходимостью измерения угловой скорости в системах электропривода для контроля механизма и его динамических состояний, в стандартном исполнении применяют датчик скорости. Но при невозможности прямого измерения скорости необходимо использовать косвенную оценку переменных состояний электродвигателя. Один из методов косвенного контроля скорости - это применение в системах электропривода наблюдателей переменных состояний электродвигателя. В статье описывается процесс создания нейросетевого наблюдателя для применения его в качестве датчика скорости двигателя постоянного тока с независимым возбуждением.
Режим доступа: по договору с организацией-держателем ресурса
Jazyk:ruština
Vydáno: 2019
Edice:Электроэнергетика и электротехника
Témata:
On-line přístup:https://elibrary.ru/item.asp?id=42607496
Médium: MixedMaterials Elektronický zdroj Kapitola
KOHA link:https://koha.lib.tpu.ru/cgi-bin/koha/opac-detail.pl?biblionumber=664002

MARC

LEADER 00000naa0a2200000 4500
001 664002
005 20251118144404.0
035 |a (RuTPU)RU\TPU\network\35172 
090 |a 664002 
100 |a 20210323d2019 k||y0rusy50 ca 
101 0 |a rus 
102 |a RU 
135 |a drnn ---uucaa 
181 0 |a i  
182 0 |a b 
200 1 |a Нейросетевой наблюдатель скорости ДПТ НВ  |f Л. Е. Козлова, И. В. Раков, Д. С. Буньков 
203 |a Текст  |c электронный 
225 1 |a Электроэнергетика и электротехника 
300 |a Заглавие с экрана 
320 |a [Библиогр.: 5 назв.] 
330 |a В связи с необходимостью измерения угловой скорости в системах электропривода для контроля механизма и его динамических состояний, в стандартном исполнении применяют датчик скорости. Но при невозможности прямого измерения скорости необходимо использовать косвенную оценку переменных состояний электродвигателя. Один из методов косвенного контроля скорости - это применение в системах электропривода наблюдателей переменных состояний электродвигателя. В статье описывается процесс создания нейросетевого наблюдателя для применения его в качестве датчика скорости двигателя постоянного тока с независимым возбуждением. 
333 |a Режим доступа: по договору с организацией-держателем ресурса 
461 |t Энергосбережение и инновационные технологии в топливно-энергетическом комплексе  |o материалы Национальной c международным участием научно-практической конференции студентов, аспирантов, ученых и специалистов, посвященной 20-летию создания кафедры электроэнергетики, 18-20 Декабря 2019, Тюмень  |o в 2 т.  |f Тюменский индустриальный университет  |d 2019 
463 |t Т. 2  |v [С. 273-275]  |d 2019 
610 1 |a электронный ресурс 
610 1 |a труды учёных ТПУ 
610 1 |a нейтронные сети 
610 1 |a двигатели постоянного тока 
610 1 |a нейросетевые системы 
610 1 |a наблюдатели 
700 1 |a Козлова  |b Л. Е.  |c специалист в области электротехники  |c доцент Томского политехнического университета, кандидат технических наук  |f 1985-  |g Людмила Евгеньевна  |3 (RuTPU)RU\TPU\pers\26455  |9 12158 
701 1 |a Раков  |b И. В.  |g Иван Витальевич 
701 1 |a Буньков  |b Д. С.  |c специалист в области электротехники  |c доцент Томского политехнического университета, кандидат технических наук  |f 1990-  |g Дмитрий Сергеевич  |9 22889 
801 2 |a RU  |b 63413507  |c 20210323  |g RCR 
856 4 |u https://elibrary.ru/item.asp?id=42607496 
942 |c CF